Život bez inflace.
Náklady, ktoré prináša inflácia a dosahovanie cenovej stability. Náklady a výhody cenovej stability. Vzťahy medzi cenovým indexom a nulovou infláciou. Vládna antiinflačná politika.
Guardado en:
| Autor principal: | |
|---|---|
| Formato: | Capítulo de libro |
| Lenguaje: | checo |
| Materias: | |
| Etiquetas: |
Sin Etiquetas, Sea el primero en etiquetar este registro!
|
MARC
| LEADER | 00000naa a2200000 4500 | ||
|---|---|---|---|
| 001 | r013020 | ||
| 005 | 20221213082153.4 | ||
| 041 | 0 | |a cze | |
| 044 | |a CZ | ||
| 245 | 1 | 0 | |a Život bez inflace. |c A. Bulíř |
| 520 | |a Náklady, ktoré prináša inflácia a dosahovanie cenovej stability. Náklady a výhody cenovej stability. Vzťahy medzi cenovým indexom a nulovou infláciou. Vládna antiinflačná politika. | ||
| 610 | 2 | 0 | |a inflácia |
| 610 | 2 | 0 | |a stabilita cien |
| 610 | 2 | 0 | |a indexy cenové |
| 610 | 2 | 0 | |a Čechy |
| 610 | 2 | 0 | |a náklady |
| 100 | 1 | |a Bulíř, Aleš | |